000 00713nam a2200241 i 4500
001 C2-0331621
003 PPAK
005 20180728131956.0
008 150625s my a|||| ||||| | may d
020 _a9789674441241
040 _aPPAK
_beng
_cPPAK
_erda
082 0 4 _a641.594
_223
090 0 0 _a641.594
_bLIM
_dR
245 0 0 _a52 citra resipi masakan eropah
264 1 _aKuala Lumpur :
_bSAM Synergy Media Sdn. Bhd. ,
300 _a131 pages :
_bcolour photographs ;
_c27 cm
336 _2rdacontent
_atext
337 _2rdamedia
_aunmediated
338 _2rdacarrier
_avolume
650 1 0 _aCooking, European. ; European.
700 0 _aHassan Noor ; Siti Nuraisah Mohd Musa,
_eeditor
942 _ddc
_cB
999 _c130335
_d130335